Mundo animal / (Registro nro. 7368)

Detalles MARC
000 -LEADER
fixed length control field 01325cam a2200349 a 4500
003 - CONTROL NUMBER IDENTIFIER
control field OSt
005 - DATE AND TIME OF LATEST TRANSACTION
control field 20210228170010.0
008 - FIXED-LENGTH DATA ELEMENTS--GENERAL INFORMATION
fixed length control field 041118s2003 ck ao gr 001 0 spa d
020 ## - INTERNATIONAL STANDARD BOOK NUMBER
International Standard Book Number 958706061X
040 ## - CATALOGING SOURCE
Original cataloging agency CO-JMCR
Transcribing agency CO-JMCR
041 1# - LANGUAGE CODE
Language code of text/sound track or separate title spa
Language code of original eng
082 04 - DEWEY DECIMAL CLASSIFICATION NUMBER
Classification number 591 /
Item number M965m
Edition number 19
245 00 - TITLE STATEMENT
Title Mundo animal /
Statement of responsibility, etc. editores Ina Stradins...[et al.] ; dirección general Beatriz Vásquez Gómez ; ilustradores Richard Tibbets, Evi Antoniou y Paul Banville
260 ## - PUBLICATION, DISTRIBUTION, ETC.
Place of publication, distribution, etc. Bogotá :
Name of publisher, distributor, etc. El Tiempo,
Date of publication, distribution, etc. 2003
300 ## - PHYSICAL DESCRIPTION
Extent 360 páginas :
Other physical details ilustraciones, fotografías a color ;
Dimensions 31 cm.
500 ## - GENERAL NOTE
General note Incluye índice
505 0# - FORMATTED CONTENTS NOTE
Title Hábitats. --
-- Mamíferos. --
-- Aves. --
-- Reptiles. --
-- Anfibios. --
-- Peces. --
-- Invertebrados.
534 ## - ORIGINAL VERSION NOTE
Title statement of original Animal : the definitive visual guide to the world's wildlife.
546 ## - LANGUAGE NOTE
Language note Traducido del inglés
650 24 - SUBJECT ADDED ENTRY--TOPICAL TERM
Topical term or geographic name entry element Zoología
9 (RLIN) 14074
650 24 - SUBJECT ADDED ENTRY--TOPICAL TERM
Topical term or geographic name entry element Peces
9 (RLIN) 10943
650 24 - SUBJECT ADDED ENTRY--TOPICAL TERM
Topical term or geographic name entry element Mamíferos
9 (RLIN) 10947
650 24 - SUBJECT ADDED ENTRY--TOPICAL TERM
Topical term or geographic name entry element Aves
9 (RLIN) 14075
650 24 - SUBJECT ADDED ENTRY--TOPICAL TERM
Topical term or geographic name entry element Animales
9 (RLIN) 14076
700 1# - ADDED ENTRY--PERSONAL NAME
Personal name Stradins, Ina,
Relator term editora
9 (RLIN) 14077
700 1# - ADDED ENTRY--PERSONAL NAME
Personal name Hamilton, Vanessa,
Relator term editora
9 (RLIN) 14078
700 1# - ADDED ENTRY--PERSONAL NAME
Personal name Vásquez Gómez, Beatriz,
Relator term directora
9 (RLIN) 14079
700 1# - ADDED ENTRY--PERSONAL NAME
Personal name Tibbetts, Richard,
Relator term ilustrador
9 (RLIN) 14080
700 1# - ADDED ENTRY--PERSONAL NAME
Personal name Antoniou, Evi,
Relator term ilustrador
9 (RLIN) 14081
700 1# - ADDED ENTRY--PERSONAL NAME
Personal name Banville, Paul,
Relator term ilustrador
9 (RLIN) 14082
942 ## - ADDED ENTRY ELEMENTS (KOHA)
Source of classification or shelving scheme Dewey Decimal Classification
Koha item type Books
Existencias
Withdrawn status Lost status Source of classification or shelving scheme Damaged status Not for loan Home library Current library Date acquired Source of acquisition Total Checkouts Total Renewals Full call number Barcode Date last seen Date last checked out Copy number Price effective from Koha item type Shelving location
    Dewey Decimal Classification     Biblioteca Pública José María del Castillo y Rada Biblioteca Pública José María del Castillo y Rada 02/28/2021 Donación 9 1 591 / M965m 201810593 01/20/2026 01/20/2026 Ej.1 02/28/2021 Books  
    Dewey Decimal Classification     Biblioteca Pública José María del Castillo y Rada Biblioteca Pública José María del Castillo y Rada   Donación 2   591 / M965m 201810878 11/22/2024 11/19/2024 Ej.2   Books General Stacks